000 00695nam a2200229Ii 4500
003 JO-AjNU
008 230605s9999||||xx |||||||||||||| ||und||
017 _a1865/5/2009
020 _a978-9957-07-675-7
040 _aJO-AjNU
_bara
_erda
_cJO-AjNU
041 _aara
050 1 4 _aRC467.M3457 2010
100 3 _aمليكة، لويس كامل,
_eauthor
_942863
245 0 0 _aعلم النفس الاكلينكي
250 _aط1
264 3 1 _aعمان,دار الفكر للنشر ، 2010
300 _a830ص
336 _atext
_btxt
_2rdacontent
337 _aunmediated
_bn
_2rdamedia
338 _avolume
_bnc
_2rdacarrier
650 4 _aعلم النفس الاكلينكي
_942864
999 _aA18385
_c21953
_d21953